Храненето на младите: траектории на вкуса (Запис номер 547503)
[ съкратено ]
| 000 -Лидер | |
|---|---|
| Лидер | 01342nam a2200337 c 4500 |
| 003 - Код на организацията, давaща контролен номер | |
| Код на организацията, даваща контролен номер | BLK |
| 005 - Дата и час на последна редакция | |
| Дата и час на последна редакция | 20250801152651.0 |
| 007 - Фиксирано поле за физическо описани | |
| Физическо описание | ta |
| 008 - Елементи от данни с фиксирана дължина | |
| Елементи с фиксирана дължина | 180411b bul|||||r ||||||| ||bul|| |
| 020 ## - Международен стандартен номер на книга ISBN | |
| ISBN | 978-619-233-334-8 |
| 040 ## - Източник на каталожния запис | |
| Код на библиотеката | BLK |
| 041 ## - Код за език | |
| Език | Български |
| Език за КДБФ | Български |
| 080 ## - УДК | |
| УДК текст | Ястия. Хранене |
| УДК код | 392.8 |
| УДК – код + определител | 392.8-053.6(497.2) |
| 9 (RLIN) | 446937 |
| 080 ## - УДК | |
| УДК текст | Начин на живот |
| УДК код | 316.728 |
| УДК – код + определител | 316.728-053.6(497.2) |
| 9 (RLIN) | 235067 |
| 100 ## - Редна дума - Автор | |
| R(LIN) | 488800 |
| Автор | Кръстева-Благоева, Евгения Георгиева |
| 245 10 - Сведения за заглавието | |
| Заглавие | Храненето на младите: траектории на вкуса |
| Авторска отговорност | Евгения Кръстева-Благоева |
| 257 ## - Страна на издаване | |
| Страна на създаване/издаване | България |
| 260 ## - Област на издателските данни | |
| Име на издателя | Нов бълг. унив. |
| Година на издаване | 2024 |
| Място на издаване | София |
| 9 (RLIN) | 209549 |
| 300 ## - Физическа характеристика | |
| Брой страници | 276 с. |
| Илюстрации | с ил. |
| Размер | 21 см |
| 380 ## - Жанр | |
| Жанр | Обществени науки |
| 504 ## - Забележка за наличие на библиография и др | |
| Библиография | Библиогр.: с. 259-276 |
| 650 #0 - Допълнително описание по предмет – тема | |
| 9 (RLIN) | 295765 |
| Предметна рубрика | Хранене - отделни възрастови и социални групи - наръчници и ръководства |
| 650 #0 - Допълнително описание по предмет – тема | |
| 9 (RLIN) | 284961 |
| Предметна рубрика | Начин на живот |
| 650 #0 - Допълнително описание по предмет – тема | |
| 9 (RLIN) | 247281 |
| Предметна рубрика | България - етнография |
| 856 4# - Електронен адрес и достъп | |
| Електронен формат | pdf - файл |
| Инструкция (цена за достъп) | 0.00 |
| Права за достъп | disable |
| 856 4# - Електронен адрес и достъп | |
| Електронен формат | pdf - файл |
| Инструкция (цена за достъп) | 0.00 |
| Права за достъп | disable |
| 942 ## - АРТИКУЛИ | |
| Вид на библиотечния документ | Книги |
| Скрит в OPAC | Не |
| 944 ## - СЪЗДАВАНЕ И РЕДАКЦИЯ на ЗАПИСА | |
| Дата на регистрацията/редакция | Нора Радева |
| Служител, извършил регистрацията/редакцията | 30545 |
| Създаване/Редакция | |
| Номер на служител | Нора Радева |
| 999 ## - СИСТЕМНИ КОНТРОЛНИ НОМЕРА | |
| Koha biblionumber | 547503 |
| Koha biblioitemnumber | 547503 |
| 999 ## - СИСТЕМНИ КОНТРОЛНИ НОМЕРА | |
| Koha biblioitemnumber | 205678 |
Няма налични копия.